00567 2200193 4500001002100000005001500021035002000036245010400056100002200160300002600182260003100208082001100239084001700250020002200267600003300289990001700322990001700339990001700356INLIS00000000000110520250807080808 a0010-08250000161 aKiat Mendidik Anak ala Rasulullah Sejak anak dalam kandungan hingga anak menikah /cMalik al Mughis0 aMughis, Malik al a190 hlm ;c14 X 21 cm aSleman :bChecklist,c2023 a297.56 a297.56 MUG k a978-623-8114-13-9 4aMendidik Anak ala Rasulullah a3707/PP/2025 a3708/PP/2025 a3709/PP/2025